Nezáživná prezentácia? Už nikdy viac!
Ako sa pripraviť na prezentáciu. Tri základné komponenty úspešnej prezentácie. Upútanie pozornosti diváka, jasná prezentácia informácií, nikdy nestrácať kontrolu. Ako zaujať na prezentácii.
Guardado en:
| Autor principal: | |
|---|---|
| Formato: | Capítulo de libro |
| Lenguaje: | eslovaco |
| Materias: | |
| Etiquetas: |
Sin Etiquetas, Sea el primero en etiquetar este registro!
|
MARC
| LEADER | 00000naa a2200000 4500 | ||
|---|---|---|---|
| 001 | 0128785 | ||
| 005 | 20231113071018.0 | ||
| 041 | 0 | |a slo | |
| 044 | |a SK | ||
| 245 | 1 | 0 | |a Nezáživná prezentácia? Už nikdy viac! |c Petra Švorcová |
| 520 | |a Ako sa pripraviť na prezentáciu. Tri základné komponenty úspešnej prezentácie. Upútanie pozornosti diváka, jasná prezentácia informácií, nikdy nestrácať kontrolu. Ako zaujať na prezentácii. | ||
| 610 | 2 | 0 | |a prezentácia |
| 610 | 2 | 0 | |a propagácia |
| 610 | 2 | 0 | |a informácie |
| 610 | 2 | 0 | |a komunikácia |
| 610 | 2 | 0 | |a technológie informačné |
| 610 | 2 | 0 | |a technológie komunikačné |
| 100 | 1 | |a Švorcová, Petra | |